<?xml version="1.0" encoding="UTF-8"?><?xml-stylesheet type="text/xsl" href="static/style.xsl"?><OAI-PMH xmlns="http://www.openarchives.org/OAI/2.0/" xmlns:xsi="http://www.w3.org/2001/XMLSchema-instance" xsi:schemaLocation="http://www.openarchives.org/OAI/2.0/ http://www.openarchives.org/OAI/2.0/OAI-PMH.xsd"><responseDate>2026-06-03T11:44:34Z</responseDate><request verb="GetRecord" identifier="oai:riuma.uma.es:10630/34878" metadataPrefix="marc">https://riuma.uma.es/rest/oai/request</request><GetRecord><record><header><identifier>oai:riuma.uma.es:10630/34878</identifier><datestamp>2026-02-03T11:39:15Z</datestamp><setSpec>com_10630_2254</setSpec><setSpec>col_10630_37956</setSpec></header><metadata><record xmlns="http://www.loc.gov/MARC21/slim" xmlns:dcterms="http://purl.org/dc/terms/" xmlns:doc="http://www.lyncode.com/xoai" xmlns:xsi="http://www.w3.org/2001/XMLSchema-instance" xsi:schemaLocation="http://www.loc.gov/MARC21/slim http://www.loc.gov/standards/marcxml/schema/MARC21slim.xsd">
   <leader>00925njm 22002777a 4500</leader>
   <datafield ind2=" " ind1=" " tag="042">
      <subfield code="a">dc</subfield>
   </datafield>
   <datafield ind2=" " ind1=" " tag="720">
      <subfield code="a">Novo-Sánchez, Francisco Javier</subfield>
      <subfield code="e">author</subfield>
   </datafield>
   <datafield ind2=" " ind1=" " tag="260">
      <subfield code="c">2007</subfield>
   </datafield>
   <datafield ind2=" " ind1=" " tag="520">
      <subfield code="a">Los retablos barrocos que actualmente amueblan las iglesias de la ciudad de Mondoñedo&#xd;
son sólo algunos de los que se han ejecutado en el último cuarto del siglo XVII y los tres&#xd;
primeros del XVIII. Por fortuna contamos con casi todos los retablos mayores y buena&#xd;
parte de los colaterales. Con respecto a estos últimos, han sido desmantelados los de los&#xd;
conventos de San Martiño y San Pedro de Alcántara y de la propia catedral , mientras que&#xd;
en el convento de A Encarnación y en el santuario de Os Remedios se conservan todos.&#xd;
Resulta difícil adaptar al caso mindoniense las clasificaciones en las que se acostumbra a&#xd;
encuadrar el retablo barroco españo. Ello es debido, primeramente, al desfase cronológico entre el ejecutado en núcleos punteros, como el compostelano, y el fabricado en&#xd;
centros periféricos, que, como el mindoniense, tardan en incorporarse al Barroco. El&#xd;
desarrollo evolutivo de la retablística local, perfectamente extensible al ámbito diocesano, presenta además ciertas particularidades. Partiendo de esta limitación se propone&#xd;
una agrupación en cuatro períodos, denominados según el territorio de procedencia de&#xd;
los maestros, siguiendo para ello un criterio de homogeneidad estilística. De esta forma&#xd;
tenemos retablos de filiación mindoniense, leonesa y tudense, y una última fase rococó.&#xd;
El discurso expositivo gira en torno a los grandes centros religiosos y sus retablos mayores, pues de ellos derivan buena parte de la pléyade de colaterales, a los que se alude en&#xd;
mayor o menor medida dependiendo de su relevancia y grado de conocimiento.</subfield>
   </datafield>
   <datafield ind1="8" ind2=" " tag="024">
      <subfield code="a">Singul Lorenzo, Francisco (ed.). Rudesindus. La tierra y el templo. Santiago de Compostela, Xunta de Galicia, 2007, pp. 280-293</subfield>
   </datafield>
   <datafield ind1="8" ind2=" " tag="024">
      <subfield code="a">9788445344101</subfield>
   </datafield>
   <datafield ind1="8" ind2=" " tag="024">
      <subfield code="a">https://hdl.handle.net/10630/34878</subfield>
   </datafield>
   <datafield tag="653" ind2=" " ind1=" ">
      <subfield code="a">Arte religioso - Galicia</subfield>
   </datafield>
   <datafield tag="653" ind2=" " ind1=" ">
      <subfield code="a">Arte barroco - Galicia</subfield>
   </datafield>
   <datafield tag="653" ind2=" " ind1=" ">
      <subfield code="a">Retablos barrocos - Galicia</subfield>
   </datafield>
   <datafield ind2="0" ind1="0" tag="245">
      <subfield code="a">Retablos barrocos de la ciudad de Mondoñedo.</subfield>
   </datafield>
</record>
</metadata></record></GetRecord></OAI-PMH>